000
00276nam a2200121Ia 4500
008
190216s9999||||xx |||||||||||||| ||und||
100
_a
Abdussalam Bin Mohammad Nv
245
0
_a
Biyanul E-Arab
260
_b
Yuvatha Book House
300
_a
870p
650
_a
Arabic
942
_c
BK
999
_c
441
_d
441